000 00464cam a22001097a 4500
008 180718b1969 xxu||||| |||| 00| 0 eng d
082 _aK5x54 In2cp
245 _aStudy of training programme for junior cooperative personnel and member education
_cby Programme Evaluation Organisation, Planning Commission. India
260 _aDelhi
_bProgramme Evaluation Organisation
_c1969
300 _a82+p.
700 _aIndia. Planning Commission. Programme Evaluation Organisation
999 _c499989
_d499989